[Event "Varazdin Spancir op 1st"]
[Site "Varazdin"]
[Date "2023.08.25"]
[Round "3"]
[White "Bicanic, Mile"]
[Black "Brnadic, Grga"]
[Result "0-1"]
[WhiteElo "1796"]
[BlackElo "1359"]
[PlyCount "138"]
[EventDate "2023.08.24"]
[EventType "swiss"]
[EventRounds "7"]
[EventCountry "CRO"]
[SourceTitle "EXT 2024"]
[Source "ChessBase"]
[SourceDate "2023.10.10"]
[SourceVersion "1"]
[SourceVersionDate "2023.10.10"]
[SourceQuality "1"]

1. d4 Nf6 2. Bf4 g6 3. Nc3 Bg7 4. e4 d6 5. Qd2 0-0 6. Bh6 e5 7. Bxg7 Kxg7 8. 0-0-0 exd4 9. Qxd4 Nc6 10. Qd2 Re8 11. f3 Be6 12. Kb1 Qd7 13. Bb5 a6 14. Ba4 b5 15. Bb3 Na5 16. e5 dxe5 17. Qe1 Qc8 18. Bxe6 Qxe6 19. Nge2 Nc4 20. Nc1 e4 21. Nxe4 Nxe4 22. fxe4 Qxe4 23. Qc3+ Qe5 24. Ne2 Kg8 25. Qxe5 Rxe5 26. Nf4 Kg7 27. b3 Nb6 28. Rd2 Rae8 29. Rhd1 Re1 30. Rxe1 Rxe1+ 31. Kb2 Re7 32. Kc1 Rd7 33. Rf2 Nd5 34. Nd3 Nf6 35. Nc5 Rd6 36. h3 Nd7 37. Ne4 Re6 38. Ng5 Rf6 39. Re2 h6 40. Nf3 Re6 41. Rf2 Ne5 42. Nd4 Rd6 43. Ne2 Rf6 44. Rxf6 Kxf6 45. Nf4 c6 46. Kd2 g5 47. Ne2 c5 48. Ke3 Ke6 49. g4 Nc6 50. a3 Ke5 51. Ng3 Nd4 52. Kd3 f6 53. a4 Ne6 54. Ke3 Nf4 55. Nf5 Nxh3 56. Nxh6 bxa4 57. bxa4 c4 58. c3 Nf4 59. Nf5 Nd5+ 60. Kd2 Kf4 61. Nd6 Ne3 62. a5 Nxg4 63. Nxc4 Ne5 64. Ne3 f5 65. Nd5+ Kf3 66. Nb4 g4 67. Nxa6 g3 68. Nb4 g2 69. Nc2 g1Q 0-1

[Event "CRO-ch U13"]
[Site "Trogir"]
[Date "2023.06.21"]
[Round "2"]
[White "Tomljenovic, Ivan1111"]
[Black "Brnadic, Grga"]
[Result "0-1"]
[WhiteElo "1536"]
[BlackElo "1238"]
[PlyCount "96"]
[EventDate "2023.06.21"]
[EventType "swiss"]
[EventRounds "9"]
[EventCountry "CRO"]
[SourceTitle "EXT 2024"]
[Source "ChessBase"]
[SourceDate "2023.10.10"]
[SourceVersion "1"]
[SourceVersionDate "2023.10.10"]
[SourceQuality "1"]

1. d4 Nf6 2. c4 g6 3. Nc3 Bg7 4. e4 d6 5. Be2 0-0 6. Nf3 Nbd7 7. 0-0 e5 8. dxe5 Nxe5 9. Nxe5 dxe5 10. Qxd8 Rxd8 11. Bg5 c6 12. Rfd1 Be6 13. h3 Rd4 14. Rxd4 exd4 15. Na4 Nxe4 16. Bf4 Rd8 17. f3 Nf6 18. Rd1 Nh5 19. Bh2 b6 20. Nc3 Rd7 21. Ne4 Nf6 22. Ng5 Bf5 23. g4 d3 24. Bf1 Be6 25. Rxd3 Rxd3 26. Bxd3 Bc8 27. Be5 h6 28. Ne4 Nxe4 29. Bxg7 Nc5 30. Bxg6 Kxg7 31. Bc2 Ne6 32. Be4 c5 33. a4 Bd7 34. Kf2 Bxa4 35. Ke3 Ng5 36. h4 Nxe4 37. Kxe4 Bc6+ 38. Ke3 Kg6 39. f4 f5 40. g5 hxg5 41. fxg5 Be4 42. Kf4 Bd3 43. Ke5 Bxc4 44. h5+ Kxg5 45. h6 Bg8 46. Kd6 f4 47. Ke7 f3 48. Kf8 Kxh6 0-1

[Event "CRO-ch U11"]
[Site "Trogir"]
[Date "2020.08.25"]
[Round "3"]
[White "Brnadic, Grga"]
[Black "Poljan, Max"]
[Result "0-1"]
[WhiteElo "1725"]
[BlackElo "1608"]
[PlyCount "126"]
[EventDate "2020.08.24"]
[EventType "swiss"]
[EventRounds "9"]
[EventCountry "CRO"]
[SourceTitle "CBM 198 Extra"]
[Source "ChessBase"]
[SourceDate "2020.11.30"]
[SourceVersion "1"]
[SourceVersionDate "2020.11.30"]
[SourceQuality "1"]

1. e4 c5 2. Nc3 e6 3. Nf3 Nc6 4. Bb5 a6 5. Bxc6 bxc6 6. d3 d5 7. exd5 cxd5 8. 0-0 Nf6 9. d4 c4 10. Ne5 Bd7 11. Nxd7 Qxd7 12. b3 Qc7 13. Bb2 Bd6 14. g3 0-0 15. bxc4 Qxc4 16. Qd3 Qxd3 17. cxd3 Rab8 18. Bc1 Rfc8 19. Bd2 Bb4 20. Rfc1 h6 21. Rab1 a5 22. Rb3 a4 23. Rb2 Ba3 24. Rxb8 Rxb8 25. Rb1 Rb2 26. Rxb2 Bxb2 27. Nxa4 Bxd4 28. Bc3 Ba7 29. d4 Ne4 30. Bb2 e5 31. dxe5 Nxf2 32. Kf1 Nd3 33. Bc3 d4 34. Nb2 Nxe5 35. Bb4 f6 36. Kg2 Kf7 37. Kf2 g5 38. Bd6 Ke6 39. Bxe5 fxe5 40. Kf3 Kd5 41. a4 h5 42. h4 e4+ 43. Ke2 g4 44. a5 d3+ 45. Nxd3 exd3+ 46. Kxd3 Bf2 47. a6 Kc6 48. Ke2 Bxg3 49. a7 Kb7 50. Ke3 Kxa7 51. Ke4 Bxh4 52. Kf4 Kb6 53. Ke3 Kc5 54. Ke4 Bg5 55. Kd3 Kd5 56. Ke2 Ke4 57. Kf2 Kf4 58. Kg2 g3 59. Kg1 Kf3 60. Kf1 g2+ 61. Kg1 Be3+ 62. Kh2 g1Q+ 63. Kh3 Qh1# 0-1

[Event "CRO-ch U11"]
[Site "Trogir"]
[Date "2020.08.24"]
[Round "1"]
[White "Delibasic, Dominik"]
[Black "Brnadic, Grga"]
[Result "1-0"]
[WhiteElo "1463"]
[BlackElo "1725"]
[PlyCount "37"]
[EventDate "2020.08.24"]
[EventType "swiss"]
[EventRounds "9"]
[EventCountry "CRO"]
[SourceTitle "CBM 198 Extra"]
[Source "ChessBase"]
[SourceDate "2020.11.30"]
[SourceVersion "1"]
[SourceVersionDate "2020.11.30"]
[SourceQuality "1"]

1. e4 e5 2. Nf3 Nc6 3. d4 exd4 4. Bc4 Qe7 5. 0-0 Qc5 6. Qe2 d6 7. h3 Ne5 8. Nbd2 Nxc4 9. Qxc4 Qxc4 10. Nxc4 c5 11. Bf4 Kd7 12. e5 d5 13. Nd6 Bxd6 14. exd6 Nf6 15. Ne5+ Ke6 16. Rfe1 Rg8 17. Nd3+ Kf5 18. g4+ Kg6 19. Ne5# 1-0